| 000 | 00451nam a22001697a 4500 | ||
|---|---|---|---|
| 005 | 20251108170601.0 | ||
| 008 | 250721s1993 xx 000 0 ara d | ||
| 082 | 1 | 4 | _a949.7/رضو |
| 100 | 1 | _aرضوان، عوض جمعه | |
| 245 | 1 | 0 | _aيوغوسلافيا و صراع القوميات / |
| 264 | _c1993. | ||
| 300 | _a156ص | ||
| 650 | 1 | 7 | _aتاريخ يوغوسلافيا |
| 650 | 1 | 7 | _aالأقليات |
| 942 |
_2ddc _cBK |
||
| 999 |
_c44096 _d44096 |
||